000 00373nam a22001577a 4500
003 OSt
005 20260617105709.0
008 260617b |||||||| |||| 00| 0 eng d
040 _cDLC
050 _bC343G
082 _bC343G
245 _aGag Order
_cCompiled and edited by Gary Cass
260 _aFairfax, VA:
_bXulon Press,
_c2005.
300 _a127p.
942 _2ddc
_cBK
999 _c11654
_d11654